Normal view
MARC view
Entry Personal Name
001 - CONTROL NUMBER
- control field: 1066335
003 - CONTROL NUMBER IDENTIFIER
- control field: OSt
005 - DATE AND TIME OF LATEST TRANSACTION
- control field: 20260121170633.0
008 - FIXED-LENGTH DATA ELEMENTS
- fixed length control field: 260121|| aca||aabn | a|a d
040 ## - CATALOGING SOURCE
- Original cataloging agency: OSt
- Transcribing agency: OSt
100 ## - HEADING--PERSONAL NAME
- Personal name: Matthew Oware
670 ## - SOURCE DATA FOUND
- Source citation: Work cat.: (OSt)1632065: Matthew Oware, I Got Something to Say
